| 000 | 00752nam a2200217Ii 4500 | ||
|---|---|---|---|
| 003 | JO-AjNU | ||
| 008 | 230605s9999||||xx |||||||||||||| ||und|| | ||
| 017 | _a2022//3/781 | ||
| 040 |
_aJO-AjNU _bara _erda _cJO-AjNU |
||
| 041 | _aara | ||
| 050 | 1 | 4 | _aHF5415.A66 2022 |
| 100 | 3 |
_aالطائي،حميد م. مشارك بشير العلاق, _eauthor _964205 |
|
| 245 | 0 | 0 | _aتسويق الخدمات: مدخل استراتيجي وظيفي تطبيقي |
| 250 | _aط العربية | ||
| 264 | 3 | 1 | _aعمان: دار اليازوري للنشر والتوزيع،2022 |
| 300 | _a448ص | ||
| 336 |
_atext _btxt _2rdacontent |
||
| 337 |
_aunmediated _bn _2rdamedia |
||
| 338 |
_avolume _bnc _2rdacarrier |
||
| 650 | 4 |
_aتسويق الخدمات _964206 |
|
| 999 |
_aA29166 _c32734 _d32734 |
||